000 00567nam a22001937a 4500
003 BUBTL
008 200831b xxu||||| |||| 00| 0 eng d
020 _a978-93-272-1045-3
082 _a657.046/JAA
100 _aJain, S. P.
_986
245 _aAdvanced Accountancy (Part-1)
_bS.P.Jain and K. L. Narang
260 _aNew Delhi
_bKalyani Publishers
_cc1979
300 _a1232p . :
_bill . ; 24cm.
650 _aAccounting
_93380
700 _aS.P.Jain and K. L. Narang
_93381
856 _k0
_l0
_yDownload
942 _2ddc
_cBK
999 _c6338
_d6338